Chińskie Marki Samochodów - Statystyki

Ogólne statystyki
  • Ten quiz został rozwiązany 36 razy
  • Średni wynik to 4 z 14
Statystyki odpowiedzi
Obrazkowy Odpowiedź % Poprawnych
BYD
100%
Geely
48%
Chery
41%
Lynk & Co
38%
BAIC
34%
NIO
31%
FAW
28%
Xpeng
28%
Li Auto
21%
Roewe
10%
Wuling
10%
Great Wall Motors
7%
Chongqing Changan
0%
Dongfeng Motor Corporation
0%
Nie znaleziono quizów pasujących do podanych kryteriów
Rozkład punktacji
Procent ludzi z każdym wynikiem
Percentyl według liczby udzielonych odpowiedzi
Twoja historia wyników
Nie rozwiązałeś tego quizu